| 000 -LEADER |
| fixed length control field |
00817cam a22002417a 4500 |
| 020 ## - INTERNATIONAL STANDARD BOOK NUMBER |
| ISBN |
076951233X |
| 020 ## - INTERNATIONAL STANDARD BOOK NUMBER |
| ISBN |
0769512348 (case) |
| 020 ## - INTERNATIONAL STANDARD BOOK NUMBER |
| ISBN |
0769512356 (microfiche) |
| 040 ## - CATALOGING SOURCE |
| Transcribing agency |
LHL |
| 082 00 - DEWEY DECIMAL CLASSIFICATION NUMBER |
| Classification number |
621 IEE 2001 A051 Or. |
| 245 00 - TITLE STATEMENT |
| Title |
10th anniversary compendium of papers from Asian Test Symposium : |
| Remainder of title |
proceedings : 1992-2001 / |
| 246 31 - VARYING FORM OF TITLE |
| Title proper/short title |
ATS 2001 compendium |
| 260 ## - PUBLICATION, DISTRIBUTION, ETC. (IMPRINT) |
| Place of publication |
Los Alamitos, Calif. : |
| Name of publisher |
IEEE Computer Society, |
| Year of publication |
c2001. |
| 300 ## - PHYSICAL DESCRIPTION |
| Number of Pages |
xii, 374 p. : |
| Other physical details |
ill. ; |
| Dimensions |
28 cm. |
| 500 ## - GENERAL NOTE |
| General note |
"ATS 2001 compendium"--Half T.p. |
| 500 ## - GENERAL NOTE |
| General note |
"IEEE Computer Society Order Number PR01233"--T.p. verso. |
| 650 #0 - SUBJECT ADDED ENTRY--TOPICAL TERM |
| Topical Term |
Electronic digital computers |
| 650 #0 - SUBJECT ADDED ENTRY--TOPICAL TERM |
| Topical Term |
Electronic circuits |
| 650 #0 - SUBJECT ADDED ENTRY--TOPICAL TERM |
| Topical Term |
Fault-tolerant computing |
| 710 2# - ADDED ENTRY--CORPORATE NAME |
| Corporate name or jurisdiction name as entry element |
IEEE Computer Society. |
| 710 2# - ADDED ENTRY--CORPORATE NAME |
| Corporate name or jurisdiction name as entry element |
Asian Test Symposium. |
| 942 ## - ADDED ENTRY ELEMENTS (KOHA) |
| Koha item type |
សៀវភៅភាសាអង់គ្លេស |
| 952 ## - LOCATION AND ITEM INFORMATION (KOHA) |
| Withdrawn status [LOCAL, KOHA] |
0 |